Normal view MARC view

Entry Personal Name

Number of records used in: 22

001 - CONTROL NUMBER

  • control field: 1477

003 - CONTROL NUMBER IDENTIFIER

  • control field: TR-AnCHP

005 - DATE AND TIME OF LATEST TRANSACTION

  • control field: 20190110165447.0

008 - FIXED-LENGTH DATA ELEMENTS

  • fixed length control field: 1901101016n|cannaabn |n|d ||

040 ## - CATALOGING SOURCE

  • Original cataloging agency: TR-AnCHP

100 10 - HEADING--PERSONAL NAME

  • Personal name: Kılıçdaroğlu, Kemal
  • Titles and other words associated with a name: CHP Genel Başkanı

670 ## - SOURCE DATA FOUND

  • Source citation: Kılıçdaroğlu, KemalCHP Genel Başkanı.
  • Information found: Önce TürkiyeÖnce çevre[Kemal Kılıçdaroğlu][broşür]